000 00386nam a2200169Ia 4500
001 19154
003 IN-NITTTR
005 20251114233221.0
008 251113s9999||||xx |||||||||||||| ||eng||
040 _beng
040 _cIN-NITTTR
041 _aeng
082 _a005.12028 J199I
100 _aJain, Raj K
245 0 _aInsight into flowcharting. /
_cJain, Raj K
942 _2ddc
_cBK
999 _c21788
_d21788